000 00461nam a2200169Ia 4500
005 20250326143730.0
008 250326s9999 xx 000 0 und d
037 _aTextbook
040 _aFMSL
_beng
_cFMSL
041 _aeng
_2eng
084 _aS:86 P4
_qFMSL
100 _aScott T
_9748450
245 0 _aIntegrative psychotherapy in healthcare
_cScott T
260 _aNY
_bNY, Palgrave
_c2004
942 _cTB
_hS:86 P4
999 _c1300786
_d1300786